Evaluación de los regímenes de promoción industrial 1958-1984 /
Guardado en:
| Autor Principal: | |
|---|---|
| Autor Corporativo: | |
| Otros Autores: | |
| Formato: | Libro |
| Idioma: | Spanish |
| Publicado: |
Buenos Aires :
Consejo Federal de Inversiones,
1986.
|
| Series: | Estudios y proyectos
|
| Acceso en línea: | v.1 v.2 |
| Etiquetas: |
Agregar Etiqueta
Sin Etiquetas, Sea el primero en etiquetar este registro!
|
| LEADER | 01009nam a22002415a 4500 | ||
|---|---|---|---|
| 001 | EEA.libagro004383 | ||
| 005 | 20181127113901.0 | ||
| 008 | 130809s1986####ag#a##########000#0#spa#d | ||
| 020 | |a 9509930822 (t. 1) | ||
| 020 | |a 9509899119 (t. 2) | ||
| 082 | 0 | 4 | |a 338.982 |
| 100 | 1 | |a Sottolano, Miguel Angel. | |
| 245 | 1 | 0 | |a Evaluación de los regímenes de promoción industrial 1958-1984 / |c Miguel Angel Sottolano, Jacobo Beker. |
| 260 | |a Buenos Aires : |b Consejo Federal de Inversiones, |c 1986. | ||
| 300 | |a 2 v. : |b il. ; |c 28 cm. | ||
| 490 | 1 | |a Estudios y proyectos | |
| 530 | |a Disponible también en línea. | ||
| 700 | 1 | |a Beker, Jacobo. | |
| 710 | 2 | |a Consejo Federal de Inversiones (Argentina) | |
| 856 | |u https://s3-sa-east-1.amazonaws.com/cfi-biblioteca/root/33561.pdf |3 v.1 | ||
| 856 | |u https://s3-sa-east-1.amazonaws.com/cfi-biblioteca/root/33562.pdf |3 v.2 | ||
| 859 | |a AR-BbBCA |b BIB. AGRONOMIA |h 338.982 |i S718 |p 1990/1626 |v t.1 |3 Tomo I | ||
| 859 | |a AR-BbBCA |b BIB. AGRONOMIA |h 338.982 |i S718 |p 1990/1627 |v t.2 |3 Tomo II | ||
